000 00595caa a22001812a 4500
001 014818
003 AR-FADEU
008 311216n########xxu####################dd
092 _a813.54
_bC246
100 _aCapote, Truman
245 _aA christmas memory
300 _aPP 141-157
500 _aEn: Breakfast at Tiffany's / Truman Capote. New York, Penguin Books, 1958
650 _aLITERATURA ESTADOUNIDENSE-SIGLO XX; NOVELA/REVISADO/
546 _aInglés
942 _cBDGR
999 _c20578
_d20578
773 0 _020573
_920445
_aCapote, Truman
_b
_dNew York
_o04697
_tBreakfast at Tiffany's
_w( AR-FADEU) 014813
_x
_z